LEADER 00942nam0-22003371i-450- 001 990006892470403321 005 20001010 010 $a88-7750-499-4 035 $a000689247 035 $aFED01000689247 035 $a(Aleph)000689247FED01 035 $a000689247 100 $a20001010d--------km-y0itay50------ba 101 0 $aita 105 $ay-------001yy 200 1 $a$eintroduzione all'attivitą osservativa in educazione$fCorrado Ziglio , RobertoBoccalon. 210 $aTorino$cUtet$d1996. 215 $aXI, 209 p. ill. 21 cm 610 0 $aConoscenza 610 0 $aScientismo 676 $a001 700 1$aZiglio,$bCorrado$0170156 702 1$aBoccalon,$bRoberto 801 0$aIT$bUNINA$gRICA$2UNIMARC 901 $aBK 912 $a990006892470403321 952 $aIX A 1014$b34850$fFSPBC 959 $aFSPBC 996 $aLei vede ma non osserva...$9629109 997 $aUNINA DB $aGEN01 LEADER 01212nam0-2200385li-450 001 990000145380203316 005 20180312154800.0 035 $a0014538 035 $aUSA010014538 035 $a(ALEPH)000014538USA01 035 $a0014538 100 $a2001990011981-------y0itay0103----ba 101 0 $aeng 102 $aUS 200 1 $a<> course in the theory of stochastic processes$fA. D. Wentzell$gtranlated by S. Chomet. Foreword by K. L. Chung 210 $aNew York$cMcGraw-Hill$dcopyr. 1981 215 $ax, 304 p.$d23 cm 610 1 $aprocessi stocastici 676 $a5192$9Probabilitą 700 1$aWentzell,$bA.D.$0753170 702 1$aChomet,$bS. 702 1$aChung,$bK. L. 801 $aSistema bibliotecario di Ateneo dell' Universitą di Salerno$gRICA 900 1$aChomet$bSeweryn 912 $a990000145380203316 951 $a519.2 WEN$b9706/CBS$c519.2$d00222150 959 $aBK 969 $aSCI 979 $c19900112 979 $c20001110$lUSA01$h1712 979 $c20020403$lUSA01$h1622 979 $aPATRY$b90$c20040406$lUSA01$h1611 979 $aRSIAV6$b90$c20090527$lUSA01$h1353 996 $aCourse in the theory of stochastic processes$91515058 997 $aUNISA